| 000 | 00000nam 2200000za 4500 |
| 001 | 9.840965 |
| 003 | CaOODSP |
| 005 | 20221107151956 |
| 007 | cr ||||||||||| |
| 008 | 170803s1992 onc |o f|0| 0 eng d |
| 040 | |aCaOODSP|beng |
| 043 | |an-cn--- |
| 086 | 1 |aCS12-0043/6E-PDF |
| 100 | 1 |aFrederick, Judith A. |
| 245 | 10|aMeasuring unpaid work |h[electronic resource] : |bthe Canadian experience / |cprepared by Judith Frederick, Douglas Norris and Ghislaine Villeneuve. |
| 260 | |a[Ottawa] : |bStatistics Canada, |c[1992]. |
| 300 | |a15 p. |
| 490 | 1 |aWorking paper ; |vno. 6 |
| 500 | |aIssued also in French under title: La mesure du travail non rémunéré : l'expérience canadienne. |
| 500 | |a"Prepared for the ECE/INSTRAW Joint Work Session on Statistics of Women, April 27-29, 1992." |
| 500 | |aDigitized edition from print [produced by Statistics Canada]. |
| 504 | |aIncludes bibliographic references. |
| 520 | |a"This paper describes new and ongoing work at Statistics Canada related to the measurement of unpaid work. Particular attention is given to the development of a time use survey to serve as a key source for data on unpaid work. In addition, there is a general discussion of some of the issues related to the measuremntof unpaid work"--Introduction. |
| 692 | 07|2gccst|aUnpaid work |
| 692 | 07|2gccst|aStatistical analysis |
| 692 | 07|2gccst|aMethodology |
| 692 | 07|2gccst|aSurveys |
| 700 | 1 |aNorris, Douglas. |
| 700 | 1 |aVilleneuve, Ghislaine. |
| 710 | 2 |aStatistics Canada. |
| 775 | 08|tLa mesure du travail non rémunéré |w(CaOODSP)9.840966 |
| 830 | #0|aWorking paper (General Social Survey (Canada))|vno. 6|w(CaOODSP)9.835228 |
| 856 | 40|qPDF|s2.04 MB|uhttps://publications.gc.ca/collections/collection_2017/statcan/12-0043/CS12-0043-6-eng.pdf |
| 986 | |a12F0043E no. 6 |